[Event "18. Obert Int. Sant Marti 2016 - B"]
[Site "Barcelona ESP"]
[Date "2016.07.14"]
[Round "2.57"]
[White "Martos Amiguet, Valentina"]
[Black "Cervera Lopez, Miguel"]
[Result "0-1"]
[WhiteElo "1312"]
[BlackElo "1655"]
[PlyCount "74"]
[EventDate "2016.07.13"]
[EventType "swiss"]
[EventRounds "9"]
[EventCountry "ESP"]
[SourceTitle "Ajedrez en Madrid"]
[Source "lmi"]
[SourceDate "2016.07.13"]
[SourceVersion "1"]
[SourceVersionDate "2019.06.21"]
[SourceQuality "1"]

1. e4 c5 2. d4 cxd4 3. c3 e5 4. Nf3 Nc6 5. Bc4 h6 6. O-O dxc3 7. Nxc3 a6 8. a4
Nf6 9. Be3 d6 10. h3 Be6 11. Bxe6 fxe6 12. Qb3 Qd7 13. Rfd1 Qf7 14. Bb6 Nd7 15.
Be3 Rb8 16. Rd2 Be7 17. Rad1 O-O 18. Nb1 Qg6 19. Na3 Rxf3 20. Kh1 Rxe3 21. fxe3
Nc5 22. Qc4 Na5 23. Qa2 Nxe4 24. Qb1 d5 25. Rc2 Rf8 26. Kg1 Qg3 27. Re2 Bxa3
28. bxa3 Nc3 29. Qc2 Nxe2+ 30. Qxe2 Nc4 31. Ra1 e4 32. Kh1 Rf2 33. Qxf2 Qxf2
34. Rb1 Nxe3 35. Rg1 Ng4 36. a5 Qg3 37. Rc1 Qh2# 0-1

[Event "18. Obert Int. Sant Marti 2016 - B"]
[Site "Barcelona ESP"]
[Date "2016.07.14"]
[Round "2.58"]
[White "Pascual Gonzalez-Novelles, David"]
[Black "Minko, Uliana"]
[Result "1-0"]
[WhiteElo "1650"]
[BlackElo "1251"]
[PlyCount "119"]
[EventDate "2016.07.13"]
[EventType "swiss"]
[EventRounds "9"]
[EventCountry "ESP"]
[SourceTitle "Ajedrez en Madrid"]
[Source "lmi"]
[SourceDate "2016.07.13"]
[SourceVersion "1"]
[SourceVersionDate "2019.06.21"]
[SourceQuality "1"]

1. e4 e6 2. Nf3 d5 3. exd5 exd5 4. d4 Bd7 5. Nc3 Bc6 6. Bd3 Nd7 7. O-O Be7 8.
Re1 Ngf6 9. Bg5 O-O 10. Ne5 Ne4 11. Bxe7 Qxe7 12. Nxd7 Qxd7 13. Nxe4 dxe4 14.
Bxe4 Rfe8 15. Qd3 Bxe4 16. Rxe4 a6 17. Rae1 c6 18. c3 b5 19. Qe3 Re6 20. Rxe6
fxe6 21. Qxe6+ Qf7 22. Qxc6 Qf8 23. Qe6+ Kh8 24. g3 h6 25. Qe7 Qg8 26. b3 Kh7
27. d5 Qxd5 28. Qe4+ Qxe4 29. Rxe4 Kg6 30. c4 Kf5 31. Rd4 Ke5 32. Rd5+ Ke6 33.
f4 g6 34. Kf2 Rf8 35. Re5+ Kd6 36. cxb5 axb5 37. Rxb5 Kc6 38. a4 Rd8 39. Ke3
Re8+ 40. Re5 Rg8 41. b4 Kd6 42. Kd4 Rc8 43. Rc5 Re8 44. b5 Re2 45. Rc6+ Kd7 46.
h4 Ra2 47. Rc4 Rg2 48. b6 Rb2 49. a5 Rb5 50. Rc5 Rb4+ 51. Kd5 Rb3 52. Rc7+ Kd8
53. Kc6 Rc3+ 54. Kb7 Ra3 55. a6 Rxg3 56. a7 Ra3 57. a8=Q+ Rxa8 58. Kxa8 g5 59.
Rh7 gxf4 60. b7 1-0

[Event "18. Obert Int. Sant Marti 2016 - B"]
[Site "Barcelona ESP"]
[Date "2016.07.14"]
[Round "2.59"]
[White "Demestres Lopez, Ricard"]
[Black "Perez Ramirez, Placido"]
[Result "1-0"]
[WhiteElo "1643"]
[BlackElo "1211"]
[PlyCount "47"]
[EventDate "2016.07.13"]
[EventType "swiss"]
[EventRounds "9"]
[EventCountry "ESP"]
[SourceTitle "Ajedrez en Madrid"]
[Source "lmi"]
[SourceDate "2016.07.13"]
[SourceVersion "1"]
[SourceVersionDate "2019.06.21"]
[SourceQuality "1"]

1. e4 e5 2. Nf3 Nc6 3. d4 exd4 4. Nxd4 Bc5 5. Be3 Qf6 6. c3 Bb6 7. Bb5 Nge7 8.
O-O a6 9. Ba4 Ne5 10. Bb3 c5 11. Ne2 Qh4 12. Ng3 Ng4 13. h3 Nxe3 14. Qf3 c4 15.
fxe3 O-O 16. Bxc4 Kh8 17. Nd2 Nc6 18. Rae1 Ne5 19. Qf4 Qe7 20. Nf5 Qc5 21. Be2
g6 22. Nb3 Qc7 23. Ne7 d6 24. Qf6# 1-0

[Event "18. Obert Int. Sant Marti 2016 - B"]
[Site "Barcelona ESP"]
[Date "2016.07.14"]
[Round "2.60"]
[White "Martimpe Burgues, Xavier"]
[Black "Serentill Tost, Eduard"]
[Result "0-1"]
[WhiteElo "1219"]
[BlackElo "1650"]
[PlyCount "60"]
[EventDate "2016.07.13"]
[EventType "swiss"]
[EventRounds "9"]
[EventCountry "ESP"]
[SourceTitle "Ajedrez en Madrid"]
[Source "lmi"]
[SourceDate "2016.07.13"]
[SourceVersion "1"]
[SourceVersionDate "2019.06.21"]
[SourceQuality "1"]

1. e4 e6 2. Nf3 d5 3. e5 c5 4. d4 cxd4 5. Nxd4 Nc6 6. Bb5 Bd7 7. O-O Nxe5 8.
Bf4 Nc6 9. Nxc6 Bxc6 10. Nc3 Bd6 11. Bxd6 Qxd6 12. Re1 Ne7 13. Bd3 O-O 14. Ne2
e5 15. c4 Rad8 16. b3 e4 17. Bxe4 dxe4 18. Qc2 Qd2 19. Qb1 f5 20. g3 e3 21. Kf1
Bf3 22. fxe3 Rd7 23. Qd1 Rfd8 24. Qxd2 Rxd2 25. Kf2 Be4 26. c5 Rb2 27. Kf1 Rdd2
28. Nf4 Rxh2 29. Ne2 Bd3 30. Rad1 Bxe2+ 0-1

[Event "18. Obert Int. Sant Marti 2016 - B"]
[Site "Barcelona ESP"]
[Date "2016.07.14"]
[Round "2.61"]
[White "Romero Gamez, Francisco Javier"]
[Black "Bernat Mor, Juli"]
[Result "1-0"]
[WhiteElo "1649"]
[BlackElo "1239"]
[PlyCount "123"]
[EventDate "2016.07.13"]
[EventType "swiss"]
[EventRounds "9"]
[EventCountry "ESP"]
[SourceTitle "Ajedrez en Madrid"]
[Source "lmi"]
[SourceDate "2016.07.13"]
[SourceVersion "1"]
[SourceVersionDate "2019.06.21"]
[SourceQuality "1"]

1. e4 c6 2. d4 d5 3. Nc3 dxe4 4. Nxe4 Bf5 5. Ng3 Bg6 6. Nf3 Nd7 7. h4 h6 8. h5
Bh7 9. Bd3 Bxd3 10. Qxd3 e6 11. Bd2 Ngf6 12. O-O-O Qc7 13. Bc3 O-O-O 14. Rhe1
Be7 15. Qc4 Nb6 16. Qb3 Nbd5 17. Ne5 Rhf8 18. Nc4 Nxc3 19. Qxc3 Nd5 20. Qb3 b5
21. Ne5 a5 22. Ne4 a4 23. Qh3 Kb7 24. Nc5+ Bxc5 25. dxc5 Ra8 26. Rd4 Qa5 27.
Nd3 a3 28. b4 Qd8 29. Qf3 Qf6 30. Qxf6 gxf6 31. f4 Nc3 32. Rd7+ Kc8 33. Rd6
Nxa2+ 34. Kd2 Kc7 35. Ra1 Nxb4 36. Nxb4 Rfd8 37. Rxd8 Kxd8 38. Nxc6+ Kc7 39.
Nb4 Ra4 40. c3 e5 41. fxe5 fxe5 42. Ke3 f5 43. Ra2 Ra8 44. g3 Kb7 45. Nc2 Rc8
46. Rxa3 Rxc5 47. Nb4 Rc4 48. Rb3 Rg4 49. Kf2 Kb6 50. Nd3 e4 51. Nf4 Kc6 52.
Rb4 Rg8 53. c4 bxc4 54. Rxc4+ Kb5 55. Rc7 Re8 56. Rh7 e3+ 57. Kf3 Kc4 58. Rxh6
Kc3 59. Re6 Rg8 60. Rxe3+ Kd4 61. Re6 Ra8 62. Rd6+ 1-0

[Event "18. Obert Int. Sant Marti 2016 - B"]
[Site "Barcelona ESP"]
[Date "2016.07.14"]
[Round "2.62"]
[White "Orts Gonzalez, Rafael"]
[Black "Mas Sayos, Lluis"]
[Result "0-1"]
[WhiteElo "1191"]
[BlackElo "1643"]
[PlyCount "38"]
[EventDate "2016.07.13"]
[EventType "swiss"]
[EventRounds "9"]
[EventCountry "ESP"]
[SourceTitle "Ajedrez en Madrid"]
[Source "lmi"]
[SourceDate "2016.07.13"]
[SourceVersion "1"]
[SourceVersionDate "2019.06.21"]
[SourceQuality "1"]

1. a3 g6 2. d4 Bg7 3. c3 d5 4. Bf4 Nf6 5. h3 Nbd7 6. Nf3 c5 7. Qc1 cxd4 8. cxd4
O-O 9. Bh6 Qb6 10. Ne5 Bxh6 11. Nxd7 Bxd7 12. Qxh6 Qxb2 13. e3 Ne4 14. Qf4 Qxa1
15. Bd3 Bb5 16. Bxe4 dxe4 17. Qxe4 Rac8 18. g3 Rc1+ 19. Kd2 Qb2+ 0-1

[Event "18. Obert Int. Sant Marti 2016 - B"]
[Site "Barcelona ESP"]
[Date "2016.07.14"]
[Round "2.64"]
[White "Minko, Aleksandr"]
[Black "Domenche Redondo, Francesc"]
[Result "0-1"]
[WhiteElo "1145"]
[BlackElo "1622"]
[PlyCount "60"]
[EventDate "2016.07.13"]
[EventType "swiss"]
[EventRounds "9"]
[EventCountry "ESP"]
[SourceTitle "Ajedrez en Madrid"]
[Source "lmi"]
[SourceDate "2016.07.13"]
[SourceVersion "1"]
[SourceVersionDate "2019.06.21"]
[SourceQuality "1"]

1. e4 e5 2. Nf3 Nf6 3. Nc3 Nc6 4. Bb5 Bc5 5. Nxe5 Bxf2+ 6. Kxf2 Nxe5 7. d4
Neg4+ 8. Kg1 c6 9. Be2 d6 10. Bg5 Qa5 11. h3 Qxg5 12. hxg4 Bxg4 13. Bxg4 Nxg4
14. Qe1 O-O-O 15. d5 Qe5 16. Rd1 h5 17. b4 Rhe8 18. Rh3 f5 19. b5 c5 20. Rxh5
Rh8 21. Qh4 g6 22. Qxg4 Rxh5 23. Qf3 Rdh8 24. Kf2 Rh4 25. Ke3 Qxc3+ 26. Rd3
Qe1+ 27. Qe2 Rxe4+ 28. Kf3 Rh1 29. Qd2 Rf1+ 30. Qf2 Qxf2# 0-1

[Event "18. Obert Int. Sant Marti 2016 - B"]
[Site "Barcelona ESP"]
[Date "2016.07.15"]
[Round "3.1"]
[White "Martin Vilanova, Jordi"]
[Black "Bieg Pagel, Clemens"]
[Result "0-1"]
[WhiteElo "1919"]
[BlackElo "1866"]
[PlyCount "54"]
[EventDate "2016.07.13"]
[EventType "swiss"]
[EventRounds "9"]
[EventCountry "ESP"]
[SourceTitle "Ajedrez en Madrid"]
[Source "lmi"]
[SourceDate "2016.07.13"]
[SourceVersion "1"]
[SourceVersionDate "2019.06.21"]
[SourceQuality "1"]

1. Nf3 Nf6 2. g3 c5 3. Bg2 e6 4. c4 Nc6 5. O-O Be7 6. d4 cxd4 7. Nxd4 a6 8. Nc3
O-O 9. a3 Qc7 10. b4 Rd8 11. Bb2 Ne5 12. c5 Nc4 13. Qc2 d5 14. cxd6 Bxd6 15.
Ncb5 axb5 16. Nxb5 Qb6 17. Qxc4 Bb8 18. Bxf6 gxf6 19. Rfd1 Be5 20. Qc5 Bxa1 21.
Qxb6 Rxd1+ 22. Bf1 Ra6 23. Qe3 Rc6 24. Na7 Rcc1 25. Nxc8 Rxf1+ 26. Kg2 Rg1+ 27.
Kf3 Rc3 0-1

[Event "18. Obert Int. Sant Marti 2016 - B"]
[Site "Barcelona ESP"]
[Date "2016.07.15"]
[Round "3.2"]
[White "Esteban Lupianez, Jose Miguel"]
[Black "Castillo Dalmau, Arnau"]
[Result "1/2-1/2"]
[WhiteElo "1715"]
[BlackElo "1418"]
[PlyCount "80"]
[EventDate "2016.07.13"]
[EventType "swiss"]
[EventRounds "9"]
[EventCountry "ESP"]
[SourceTitle "Ajedrez en Madrid"]
[Source "lmi"]
[SourceDate "2016.07.13"]
[SourceVersion "1"]
[SourceVersionDate "2019.06.21"]
[SourceQuality "1"]

1. e4 c5 2. Nf3 e6 3. d4 cxd4 4. Nxd4 Nc6 5. a3 Qc7 6. Be3 a6 7. Be2 Nf6 8. f3
Be7 9. c3 O-O 10. Nd2 b5 11. N4b3 d6 12. Rc1 Bb7 13. c4 b4 14. O-O a5 15. a4
Rfd8 16. f4 h6 17. Qe1 Nb8 18. Bf3 Nbd7 19. Nd4 Nc5 20. Nb5 Qb8 21. Bxc5 dxc5
22. e5 Ne8 23. Ne4 Nc7 24. Nbd6 Bxe4 25. Nxe4 Ra7 26. Rd1 Ne8 27. Rxd8 Qxd8 28.
Qe3 Rd7 29. Be2 g6 30. h4 Rd4 31. h5 Ng7 32. Ng3 Nf5 33. Nxf5 gxf5 34. Qf3 Qc8
35. g4 fxg4 36. Qxg4+ Kh7 37. Rf3 Qg8 38. Bd3+ Kh8 39. Qxg8+ Kxg8 40. Kf2 Kf8
1/2-1/2

[Event "18. Obert Int. Sant Marti 2016 - B"]
[Site "Barcelona ESP"]
[Date "2016.07.15"]
[Round "3.3"]
[White "Julia Yebra, David"]
[Black "Hinarejos Montano, Andres"]
[Result "1-0"]
[WhiteElo "1822"]
[BlackElo "1620"]
[PlyCount "190"]
[EventDate "2016.07.13"]
[EventType "swiss"]
[EventRounds "9"]
[EventCountry "ESP"]
[SourceTitle "Ajedrez en Madrid"]
[Source "lmi"]
[SourceDate "2016.07.13"]
[SourceVersion "1"]
[SourceVersionDate "2019.06.21"]
[SourceQuality "1"]

1. c4 e5 2. Nc3 Nf6 3. g3 Be7 4. Bg2 c6 5. d4 d6 6. e4 O-O 7. Nge2 h6 8. O-O
Bg4 9. f3 Bh5 10. Be3 Kh8 11. Qb3 Qc7 12. Rad1 Nbd7 13. h3 Ng8 14. g4 Bg6 15.
Ng3 f6 16. d5 c5 17. Qc2 a6 18. Qf2 Rab8 19. a4 Qd8 20. Nf5 Bxf5 21. gxf5 Qe8
22. Qh4 g5 23. Qg3 Rf7 24. Kf2 Rg7 25. Ke2 Qh5 26. Rh1 Bd8 27. Qf2 Ba5 28. Bd2
Bxc3 29. Bxc3 b5 30. axb5 axb5 31. cxb5 Rxb5 32. Ra1 Qe8 33. Qe3 Qb8 34. Ra2
Nb6 35. Qd3 Rb3 36. Rha1 Rb7 37. Qc2 Nc4 38. Kf2 Nxb2 39. Bf1 Na4 40. Bd2 Nb2
41. Be2 c4 42. Bxc4 Nxc4 43. Qxc4 Rc7 44. Qa4 Rb2 45. Rxb2 Qxb2 46. Ra2 Qb6+
47. Kg2 Rb7 48. Rc2 Qd8 49. Qa6 Qb8 50. Bc1 Ra7 51. Qc8 Qb3 52. Qc3 Qb7 53. Ba3
Ra6 54. Rb2 Qa7 55. Bb4 Ra1 56. Rf2 Ra6 57. Qc4 Rb6 58. Bd2 Qb7 59. Be3 Rb3 60.
Re2 Ne7 61. Bf2 Rb1 62. Qc2 Rb5 63. Qa4 Ng8 64. Rc2 Ne7 65. Qa7 Qxa7 66. Bxa7
Rb7 67. Be3 Kg8 68. Bc1 Kf8 69. Ba3 Rb6 70. Kg3 Ke8 71. Bc1 Kd7 72. Ra2 Rb7 73.
Ra6 Nc8 74. Be3 Rb3 75. Bf2 Rb1 76. Kg2 h5 77. h4 gxh4 78. Ra2 Rb3 79. Bxh4 Ke7
80. Rc2 Kd7 81. Bxf6 Nb6 82. Bg5 Na4 83. f6 Rb8 84. Kh3 Nc5 85. Ra2 Ke8 86. Kh4
Rb3 87. Kg3 Nxe4+ 88. Kh4 Rxf3 89. Ra8+ Kf7 90. Ra7+ Kg6 91. Rg7+ Kf5 92. f7
Nxg5 93. f8=Q+ Ke4 94. Qxd6 Rf4+ 95. Kxg5 Rg4+ 1-0

[Event "18. Obert Int. Sant Marti 2016 - B"]
[Site "Barcelona ESP"]
[Date "2016.07.15"]
[Round "3.5"]
[White "Khudov, Oleksandr"]
[Black "Cervello I Tost, Roger"]
[Result "1-0"]
[WhiteElo "1847"]
[BlackElo "1910"]
[PlyCount "95"]
[EventDate "2016.07.13"]
[EventType "swiss"]
[EventRounds "9"]
[EventCountry "ESP"]
[SourceTitle "Ajedrez en Madrid"]
[Source "lmi"]
[SourceDate "2016.07.13"]
[SourceVersion "1"]
[SourceVersionDate "2019.06.21"]
[SourceQuality "1"]

1. c4 e5 2. Nc3 Nf6 3. g3 d5 4. cxd5 Nxd5 5. Bg2 Nxc3 6. bxc3 Nc6 7. d3 Bc5 8.
Rb1 O-O 9. Nf3 Bb6 10. O-O Be6 11. Ba3 Re8 12. Qc2 f6 13. c4 Rb8 14. Bb4 Nxb4
15. Rxb4 Qd6 16. Rfb1 Bf5 17. a4 e4 18. Ne1 Qd4 19. e3 exd3 20. Qb3 Rxe3 21.
c5+ Be6 22. Qxe6+ Rxe6 23. Rxd4 Bxc5 24. Rxd3 Rb6 25. Rdb3 Rxb3 26. Rxb3 b6 27.
Nd3 Bd6 28. Nb2 c5 29. Nc4 Bc7 30. Rd3 a6 31. Rd7 Be5 32. Nxe5 fxe5 33. Rb7 Rc8
34. Rxb6 c4 35. Rc6 Rxc6 36. Bxc6 Kf8 37. Kf1 Ke7 38. a5 c3 39. Ke2 Kd6 40. Bb7
Kc5 41. Bxa6 Kb4 42. Bd3 Kxa5 43. Bxh7 Kb4 44. Kd1 Kc4 45. Kc2 Kd4 46. Bd3 e4
47. Be2 e3 48. f4 1-0

[Event "18. Obert Int. Sant Marti 2016 - B"]
[Site "Barcelona ESP"]
[Date "2016.07.15"]
[Round "3.6"]
[White "Garcia Clemente, Julian Fco."]
[Black "Ramos Alvarez, Maximo"]
[Result "1-0"]
[WhiteElo "1910"]
[BlackElo "1843"]
[PlyCount "75"]
[EventDate "2016.07.13"]
[EventType "swiss"]
[EventRounds "9"]
[EventCountry "ESP"]
[SourceTitle "Ajedrez en Madrid"]
[Source "lmi"]
[SourceDate "2016.07.13"]
[SourceVersion "1"]
[SourceVersionDate "2019.06.21"]
[SourceQuality "1"]

1. d4 Nf6 2. c4 e6 3. Nc3 Bb4 4. f3 d5 5. e3 c5 6. a3 Bxc3+ 7. bxc3 O-O 8. Bd3
Nc6 9. Ne2 b6 10. cxd5 exd5 11. O-O Re8 12. Bd2 Bb7 13. Qb1 Na5 14. Qa2 c4 15.
Bc2 Bc6 16. Rae1 Qd7 17. Nc1 Ba4 18. e4 Bxc2 19. Qxc2 dxe4 20. fxe4 Qe7 21. e5
Nd5 22. Qb2 Rac8 23. Rf3 a6 24. Ref1 Rf8 25. Rg3 Qe6 26. Qb1 f6 27. Rh3 g6 28.
Re1 fxe5 29. Rxe5 Qg4 30. Rg3 Qd1+ 31. Be1 Rf6 32. Qe4 Nxc3 33. Rxc3 Rcf8 34.
h3 Nc6 35. Re8 Rxe8 36. Qxe8+ Kg7 37. Rxc4 Nxd4 38. Qe7+ 1-0

[Event "18. Obert Int. Sant Marti 2016 - B"]
[Site "Barcelona ESP"]
[Date "2016.07.15"]
[Round "3.7"]
[White "Perez Garcia, Jose Miguel"]
[Black "Volart Buil, Jordi"]
[Result "1-0"]
[WhiteElo "1904"]
[BlackElo "1819"]
[PlyCount "105"]
[EventDate "2016.07.13"]
[EventType "swiss"]
[EventRounds "9"]
[EventCountry "ESP"]
[SourceTitle "Ajedrez en Madrid"]
[Source "lmi"]
[SourceDate "2016.07.13"]
[SourceVersion "1"]
[SourceVersionDate "2019.06.21"]
[SourceQuality "1"]

1. c4 Nf6 2. Nf3 d5 3. cxd5 Nxd5 4. Nc3 Nxc3 5. bxc3 g6 6. e3 Bg7 7. d4 O-O 8.
Be2 c5 9. O-O cxd4 10. cxd4 Nc6 11. Bb2 Qb6 12. Bc3 Bf5 13. Bd3 Bg4 14. h3 Bxf3
15. Qxf3 Rad8 16. Rab1 Qc7 17. Be4 e5 18. Bxc6 bxc6 19. dxe5 Bxe5 20. Bxe5 Qxe5
21. Qxc6 Rd2 22. a4 Rfd8 23. Qb5 Qe7 24. Qb7 R8d7 25. Qb4 Qf6 26. Qc5 Qd8 27.
Qe5 R7d6 28. Rb7 R2d5 29. Qb2 Rb6 30. Rxb6 axb6 31. Qb3 Rd6 32. Qc3 Rd3 33. Qc4
Rd6 34. Rc1 Rd1+ 35. Rxd1 Qxd1+ 36. Kh2 Qd7 37. f4 h5 38. Qd4 Qc7 39. Kg3 g5
40. Qe5 gxf4+ 41. Qxf4 Qc5 42. Kh4 Kf8 43. Qh6+ Ke8 44. Qh8+ Ke7 45. Qxh5 Qb4+
46. Qg4 Qe1+ 47. g3 Qb1 48. Qg5+ f6 49. Qf4 Qh7+ 50. Kg4 Qg6+ 51. Kf3 Qh5+ 52.
Qg4 Qd5+ 53. Qe4+ 1-0

[Event "18. Obert Int. Sant Marti 2016 - B"]
[Site "Barcelona ESP"]
[Date "2016.07.15"]
[Round "3.9"]
[White "Valbuena Castro, Gregorio"]
[Black "Elizondo Marquet, Juan Marcos"]
[Result "1-0"]
[WhiteElo "1724"]
[BlackElo "1870"]
[PlyCount "95"]
[EventDate "2016.07.13"]
[EventType "swiss"]
[EventRounds "9"]
[EventCountry "ESP"]
[SourceTitle "Ajedrez en Madrid"]
[Source "lmi"]
[SourceDate "2016.07.13"]
[SourceVersion "1"]
[SourceVersionDate "2019.06.21"]
[SourceQuality "1"]

1. e4 c5 2. b4 cxb4 3. d4 e6 4. a3 d5 5. e5 Bd7 6. axb4 Qb6 7. c3 Bb5 8. Bxb5+
Qxb5 9. Ne2 Ne7 10. Na3 Qc6 11. O-O a5 12. b5 Qb6 13. c4 Ng6 14. c5 Qd8 15. b6
Qd7 16. f4 Be7 17. Qc2 Nh4 18. g3 Nf5 19. g4 Nh6 20. h3 Na6 21. Bd2 Nb4 22. Qb3
Na6 23. Nb5 O-O 24. Bxa5 Nxc5 25. dxc5 Bxc5+ 26. Kh2 Qe7 27. Nc7 Rad8 28. Be1
d4 29. Rf3 d3 30. Rxd3 Rxd3 31. Qxd3 Bxb6 32. Nb5 Qc5 33. Rc1 Qe7 34. Qd6 Bd8
35. Qxe7 Bxe7 36. Rc7 Re8 37. Rxb7 Bc5 38. Nd6 Ra8 39. Ng3 Ra2+ 40. Kh1 g6 41.
g5 Nf5 42. Ngxf5 gxf5 43. Bb4 Be3 44. Nxf7 Ra8 45. Nh6+ Kh8 46. Be7 Ra1+ 47.
Kg2 Kg7 48. Bc5+ 1-0

[Event "18. Obert Int. Sant Marti 2016 - B"]
[Site "Barcelona ESP"]
[Date "2016.07.15"]
[Round "3.10"]
[White "Ramal Mata, Rodrigo"]
[Black "Colom Andres, Xavier"]
[Result "1/2-1/2"]
[WhiteElo "1948"]
[BlackElo "1812"]
[PlyCount "89"]
[EventDate "2016.07.13"]
[EventType "swiss"]
[EventRounds "9"]
[EventCountry "ESP"]
[SourceTitle "Ajedrez en Madrid"]
[Source "lmi"]
[SourceDate "2016.07.13"]
[SourceVersion "1"]
[SourceVersionDate "2019.06.21"]
[SourceQuality "1"]

1. d4 d5 2. Bf4 Nf6 3. e3 Bf5 4. Nf3 e6 5. h3 h6 6. Nbd2 c6 7. c4 Bd6 8. Bxd6
Qxd6 9. c5 Qc7 10. b4 Nbd7 11. a4 e5 12. Qb3 Bg6 13. Qc3 exd4 14. Nxd4 O-O 15.
Rc1 Rfe8 16. Be2 Nf8 17. O-O Ne6 18. Rfe1 Ng5 19. Bf3 Qd7 20. b5 Nfe4 21. Bxe4
Bxe4 22. Nxe4 Nxe4 23. Qc2 Re5 24. bxc6 bxc6 25. f4 Ree8 26. Nf3 f6 27. Nd4
Rab8 28. Rb1 Qc7 29. Rxb8 Rxb8 30. Ne6 Qe7 31. f5 a5 32. Rb1 Rb4 33. Kh2 Qb7
34. Rxb4 Qxb4 35. Qe2 Nxc5 36. Nd4 Qb8+ 37. Kg1 Qe8 38. Kf2 Ne4+ 39. Kg1 c5 40.
Ne6 g5 41. Qd1 Qc6 42. Qh5 Qd7 43. Qg6+ Kh8 44. Qxh6+ Kg8 45. Qg6+ 1/2-1/2

[Event "18. Obert Int. Sant Marti 2016 - B"]
[Site "Barcelona ESP"]
[Date "2016.07.15"]
[Round "3.11"]
[White "Lozano Ruiz, David"]
[Black "Cardenas, Fernando Adrian"]
[Result "0-1"]
[WhiteElo "1796"]
[BlackElo "1943"]
[PlyCount "164"]
[EventDate "2016.07.13"]
[EventType "swiss"]
[EventRounds "9"]
[EventCountry "ESP"]
[SourceTitle "Ajedrez en Madrid"]
[Source "lmi"]
[SourceDate "2016.07.13"]
[SourceVersion "1"]
[SourceVersionDate "2019.06.21"]
[SourceQuality "1"]

1. c4 Nf6 2. Nc3 g6 3. d4 Bg7 4. e4 d6 5. f3 O-O 6. Bd3 c6 7. Nge2 a6 8. Be3 b5
9. a3 bxc4 10. Bxc4 d5 11. Bd3 dxe4 12. Nxe4 Nd5 13. Qd2 Nxe3 14. Qxe3 Qb6 15.
b4 e5 16. Nc5 exd4 17. Qf4 a5 18. Na4 Qd8 19. O-O axb4 20. axb4 Na6 21. Rab1
Rb8 22. b5 cxb5 23. Bxb5 Rxb5 24. Rxb5 Qe8 25. Rbb1 Qxa4 26. Rfd1 Qc2 27. Nxd4
Qc5 28. Rbc1 Qb6 29. Rb1 Qa7 30. Kh1 Nc5 31. Nc6 Ne6 32. Qb4 Qa8 33. Qe4 Qa6
34. Nb4 Qa4 35. Qc2 Qxc2 36. Nxc2 Nf4 37. Nb4 Bf5 38. Rbc1 Bh6 39. Rc7 Ne6 40.
Rc6 Nd8 41. Rb6 Bf4 42. Nd5 Bg5 43. Re1 Be6 44. Nc7 Bf4 45. Nxe6 Nxe6 46. Reb1
Rc8 47. g3 Be5 48. f4 Bd4 49. Rb8 Rxb8 50. Rxb8+ Kg7 51. Kg2 h5 52. h3 h4 53.
f5 gxf5 54. gxh4 Bf6 55. Rb4 f4 56. h5 Kh6 57. Rb5 Bg5 58. Rf5 f6 59. Ra5 Kxh5
60. Ra8 Nd4 61. Rd8 Nf5 62. Kf3 Nh4+ 63. Kf2 Ng6 64. Kg2 Ne5 65. Rh8+ Bh6 66.
Kf2 Ng6 67. Rh7 Kg5 68. Kf3 Bf8 69. Rb7 Ne5+ 70. Kg2 Bc5 71. Rb3 Be3 72. Kf1
Kh4 73. Kg2 f3+ 74. Kh2 Bf4+ 75. Kg1 Kxh3 76. Rb7 Kg3 77. Kf1 Ng4 78. Rg7 Bd2
79. Rg8 Bg5 80. Kg1 f2+ 81. Kf1 Kf3 82. Rxg5 Nh2# 0-1

[Event "18. Obert Int. Sant Marti 2016 - B"]
[Site "Barcelona ESP"]
[Date "2016.07.15"]
[Round "3.12"]
[White "Minguell Soler, Joan"]
[Black "Martin Arranz, Lluis"]
[Result "1-0"]
[WhiteElo "1942"]
[BlackElo "1771"]
[PlyCount "67"]
[EventDate "2016.07.13"]
[EventType "swiss"]
[EventRounds "9"]
[EventCountry "ESP"]
[SourceTitle "Ajedrez en Madrid"]
[Source "lmi"]
[SourceDate "2016.07.13"]
[SourceVersion "1"]
[SourceVersionDate "2019.06.21"]
[SourceQuality "1"]

1. d4 e6 2. c4 Nf6 3. Nc3 Bb4 4. Qc2 d5 5. e3 O-O 6. Nf3 c5 7. a3 Bxc3+ 8. bxc3
Qa5 9. Bd2 Ne4 10. Bd3 f5 11. O-O Nc6 12. Rfb1 Qc7 13. cxd5 exd5 14. c4 Nxd2
15. Nxd2 dxc4 16. Qxc4+ Kh8 17. Qxc5 Bd7 18. Nf3 b6 19. Qc2 Qd6 20. Qd2 Rac8
21. Ba6 Rc7 22. Rc1 Na5 23. Qb4 Rxc1+ 24. Rxc1 Qf6 25. Ne5 Be8 26. Rc8 Kg8 27.
Bc4+ Nxc4 28. Qxc4+ Kh8 29. Qc7 f4 30. e4 h5 31. h3 a5 32. Qb8 Qe6 33. d5 Qg8
34. Ng6+ 1-0

[Event "18. Obert Int. Sant Marti 2016 - B"]
[Site "Barcelona ESP"]
[Date "2016.07.15"]
[Round "3.13"]
[White "Molinas Garcia, Francisco"]
[Black "Riera Danes, Manel"]
[Result "0-1"]
[WhiteElo "1786"]
[BlackElo "1916"]
[PlyCount "86"]
[EventDate "2016.07.13"]
[EventType "swiss"]
[EventRounds "9"]
[EventCountry "ESP"]
[SourceTitle "Ajedrez en Madrid"]
[Source "lmi"]
[SourceDate "2016.07.13"]
[SourceVersion "1"]
[SourceVersionDate "2019.06.21"]
[SourceQuality "1"]

1. e4 c5 2. Nc3 Nc6 3. Bb5 g6 4. Bxc6 bxc6 5. f4 Bg7 6. Nf3 e6 7. d3 Ne7 8. O-O
d6 9. Be3 O-O 10. Qe1 Rb8 11. b3 Ba6 12. Rd1 f5 13. e5 Nd5 14. Na4 Nxe3 15.
Qxe3 Bb5 16. Nb2 dxe5 17. fxe5 Qe7 18. c4 Ba6 19. Na4 Rbd8 20. Nxc5 Bc8 21. d4
h6 22. h4 Kh7 23. b4 Bd7 24. Qa3 Bc8 25. Qa4 Qc7 26. Nd3 Bd7 27. c5 Ra8 28. Qa6
Bc8 29. Qc4 a5 30. a3 axb4 31. axb4 Ra3 32. Nf4 Re8 33. Qc1 Qa7 34. h5 g5 35.
Ng6 Qa4 36. Qb2 Rb3 37. Ra1 Qxb4 38. Qa2 Rb2 39. Qa8 Qb5 40. Ra7 Bd7 41. Qxe8
Bxe8 42. Nf8+ Kg8 43. Nxe6 Bf8 0-1

[Event "18. Obert Int. Sant Marti 2016 - B"]
[Site "Barcelona ESP"]
[Date "2016.07.15"]
[Round "3.14"]
[White "Valero Recalde, Pablo"]
[Black "Molina Hernandez, Albert"]
[Result "1/2-1/2"]
[WhiteElo "1734"]
[BlackElo "1908"]
[PlyCount "65"]
[EventDate "2016.07.13"]
[EventType "swiss"]
[EventRounds "9"]
[EventCountry "ESP"]
[SourceTitle "Ajedrez en Madrid"]
[Source "lmi"]
[SourceDate "2016.07.13"]
[SourceVersion "1"]
[SourceVersionDate "2019.06.21"]
[SourceQuality "1"]

1. d4 Nf6 2. c4 e6 3. Nf3 b6 4. g3 Bb7 5. Bg2 Be7 6. O-O O-O 7. b3 c5 8. dxc5
bxc5 9. Bb2 Nc6 10. e3 Qc7 11. Nc3 Ne8 12. Qe2 f5 13. Rfd1 Nf6 14. Rac1 Nb4 15.
Nb5 Qb6 16. Bxf6 Bxf6 17. Rxd7 Rad8 18. Rcd1 a6 19. R1d6 Bxf3 20. Bxf3 Qa5 21.
Rxd8 Rxd8 22. Rxd8+ Qxd8 23. Na3 Qa5 24. Nc2 Nxa2 25. e4 Nc3 26. Qe1 fxe4 27.
Bxe4 Qd8 28. Qe3 Nxe4 29. Qxe4 Qd6 30. Qa8+ Kf7 31. Qb7+ Ke8 32. Qe4 g6 33. Kg2
1/2-1/2